Los mineros de Chuquicamata : ¿productores o proletarios? /

Se recupera en este texto la experiencia sindical de los mineros de Chuquicamata, Chile, durante los años de la Unidad Popular. El autor da cuenta de la aplicación de la política laboral del gobierno de la Unidad Popular en el sector minero.

Uloženo v:
Podrobná bibliografie
Další autoři: Zapata, Francisco (autor) (autor)
Médium: Kniha
Jazyk:španělština
Vydáno: México : El Colegio de México, 1979, c1975
Vydání:2a edición
Edice:(Cuadernos del CES ; 13)
Témata:
Tagy: Přidat tag
Žádné tagy, Buďte první, kdo vytvoří štítek k tomuto záznamu!

MARC

LEADER 00000nam^a2200000^a^4500
001 000000917
005 20250521000000.0
009 20260310083048.444
020 |a 968-12-0024-1 
037 |a Acervo ITESO - Biblioteca 
041 |a ESP 
082 |a 300.  |b CES V. 13 
240 1 1 |a [Cuadernos del CES] 
245 0 4 |a Los mineros de Chuquicamata :  |b ¿productores o proletarios? /  |c F. Zapata. 
250 |a 2a edición 
264 4 |a México :  |b El Colegio de México,  |c 1979, c1975 
300 |a 87 p. 
336 |a texto  |b txt  |2 rdacontenido 
337 |a sin mediación  |b n  |2 rdamedio 
338 |a volumen  |b nc  |2 rdasoporte 
440 1 |a (Cuadernos del CES ;  |v 13) 
520 |a Se recupera en este texto la experiencia sindical de los mineros de Chuquicamata, Chile, durante los años de la Unidad Popular. El autor da cuenta de la aplicación de la política laboral del gobierno de la Unidad Popular en el sector minero. 
649 |a XX 
650 |a Política -  |z Chile -  |x Historia 
650 |a Socialismo 
650 |a Sindicalismo 
650 |a Minería -  |z Chile 
700 |a Zapata, Francisco  |e (autor) 
910 |a Fondo General 
920 |a Impresos - Libros 
930 |a Colección General 
905 |a 101 
901 |a 0009170100  |b IT1  |c ACC  |i 000917  |u 20250521 
902 |a https://opac.biblio.iteso.mx/vufind/Record/000000917